skbl

Dr Suryya Kumar Bhuyan Library Web-OPAC
ডঃ সূৰ্য্য
কুমাৰ ভূঞা পুথিভঁৰাল ৱেব-অ'পেক

All Research Scholars are advised to clear the annual library fees to continue using Library Resources, Remote Access, Plagiarism Test and Library Clearance.

Cotton University Book Fair 2026

Issue in Economic Theory and Public Policy: Essays in Honour of Tapas Majumdar / (Record no. 7116)

MARC details
000 -LEADER
fixed length control field 00829nam a2200289Ia 4500
001 - CONTROL NUMBER
control field 7129
005 - DATE AND TIME OF LATEST TRANSACTION
control field 20240113233958.0
007 - PHYSICAL DESCRIPTION FIXED FIELD--GENERAL INFORMATION
fixed length control field ta
008 - FIXED-LENGTH DATA ELEMENTS--GENERAL INFORMATION
fixed length control field 180511s1999 ii a g b000 u 465 u
020 ## - INTERNATIONAL STANDARD BOOK NUMBER
International Standard Book Number 0 19 565128 6
040 ## - CATALOGING SOURCE
Original cataloging agency Cotton College,Assam
041 ## - LANGUAGE CODE
Language code of text/sound track or separate title eng
082 ## - DEWEY DECIMAL CLASSIFICATION NUMBER
Classification number 330.1
Item number Bo 5 Is
100 ## - MAIN ENTRY--PERSONAL NAME
Personal name Bose, Amitava .
245 #0 - TITLE STATEMENT
Title Issue in Economic Theory and Public Policy: Essays in Honour of Tapas Majumdar /
Statement of responsibility, etc. Amitava Bose, M. Rakshit & A. Sinha.
Medium Textual Documents
250 ## - EDITION STATEMENT
Edition statement 1st ed. /
260 ## - PUBLICATION, DISTRIBUTION, ETC.
Place of publication, distribution, etc. Oxford :
Name of publisher, distributor, etc. Oxford Universsity Press ,
Date of publication, distribution, etc. 1999.
300 ## - PHYSICAL DESCRIPTION
Extent xii, 322p. :
Other physical details ill. ;
Dimensions 22cm .
504 ## - BIBLIOGRAPHY, ETC. NOTE
Bibliography, etc. note Index
653 ## - INDEX TERM--UNCONTROLLED
Uncontrolled term Economics-Issues
653 ## - INDEX TERM--UNCONTROLLED
Uncontrolled term PG-Economics
700 ## - ADDED ENTRY--PERSONAL NAME
Personal name Sinha, A. .
700 ## - ADDED ENTRY--PERSONAL NAME
Personal name Rakshit, M. .
942 ## - ADDED ENTRY ELEMENTS (KOHA)
Source of classification or shelving scheme Dewey Decimal Classification
Koha item type Books
Holdings
Withdrawn status Lost status Damaged status Not for loan Collection Home library Current library Date acquired Coded location qualifier Total checkouts Full call number Barcode Date last seen Copy number Price effective from Koha item type
          Dr. Suryya Kumar Bhuyan Library Dr. Suryya Kumar Bhuyan Library 01/02/2012 00000   330.1 Bo 5 Is 461/Eco 13/01/2024 1 01/02/2012 Books

Designed and Maintained by Team SKBL
©1901-2026

Powered by Koha